State Quiz - Massachusetts - Statistics

General Stats
  • This quiz has been taken 35,253 times
  • The average score is 13 of 20
Answer Stats
Hint Answer % Correct
State capital Boston
98%
Oldest university Harvard
95%
Witch trial city Salem
93%
Island for rich people Martha's {Vineyard}
86%
Ship that landed on Plymouth Rock Mayflower
86%
Holiday first celebrated in 1621 Thanksgiving
79%
Massachusetts was the first state to legalize this, in 2004 Same-Sex Marriage
78%
Family name of John, Robert, Ted, and Rose Kennedy
77%
Hook-shaped peninsula Cape Cod
75%
Stadium with a green monster Fenway Park
63%
Religious group that founded Massachusetts Puritans
58%
Fruit that grows in a bog Cranberries
54%
Captain Ahab's island, oft-mentioned in limericks Nantucket
53%
Fill in the quote: My boy's ______ smaht Wicked
51%
In Manhattan, it has tomatoes. In New England it doesn't. What is it? Clam Chowder
49%
Pond where Thoreau sojourned Walden Pond
48%
Candlepin is a variety of what? Bowling
35%
State nickname The {Bay} State
35%
City famous for textile mills in the 1800s Lowell
32%
Mountain range in the west of the state (part of the Appalachians, starts with B) Berkshires
30%
No matching quizzes found
Score Distribution
Percent of People with Each Score
Percentile by Number Answered
Your Score History
You have not taken this quiz